Výňatok z publikácie "Živnostenské podnikanie"

Vzhľadom na novelizáciu živnostenského zákona (č.455/1992 Zb. v znení ďalších predpisov) z mája 1994 zákonom č.132/1994 Z.z. uverejnená Hlava II Prevádzkovanie živnosti paragraf 5 Subjekty oprávnené prevádzkovať živnosť. Komentár, kompletná analýza, praktická aplikácia zákona na konkrétne podmienky,...

Ausführliche Beschreibung

Gespeichert in:
Bibliographische Detailangaben
1. Verfasser: Kopál, L.
Weitere Verfasser: Urmin, F.
Format: Buchkapitel
Sprache:Slowakisch
Schlagworte:
Tags: Tag hinzufügen
Keine Tags, Fügen Sie das erste Tag hinzu!

MARC

LEADER 00000naa a2200000 4500
001 r015808
005 20221213113811.2
041 0 |a slo 
044 |a SK 
245 1 0 |a Výňatok z publikácie "Živnostenské podnikanie"  |c L. Kopál, F. Urmin 
520 |a Vzhľadom na novelizáciu živnostenského zákona (č.455/1992 Zb. v znení ďalších predpisov) z mája 1994 zákonom č.132/1994 Z.z. uverejnená Hlava II Prevádzkovanie živnosti paragraf 5 Subjekty oprávnené prevádzkovať živnosť. Komentár, kompletná analýza, praktická aplikácia zákona na konkrétne podmienky, nadväznosti a súvisiace predpisy, rady, návody a vzory. 
610 2 0 |a živnosti 
610 2 0 |a podnikanie 
610 2 0 |a zákony 
610 2 0 |a Slovensko 
610 2 0 |a 1992-1994 
610 2 0 |a osoby fyzické 
610 2 0 |a osoby právnické 
610 2 0 |a komentáre 
610 2 0 |a metodika 
610 2 0 |a predpisy právne 
610 2 0 |a 1994 
100 1 |a Kopál, L. 
700 1 |a Urmin, F.